[Event "Mallorca-chT Preferente"]
[Site "Mallorca"]
[Date "2021.04.10"]
[Round "5"]
[White "Torrens Gordiola, Juan Antonio"]
[Black "Altarriba Gracia, Sergio"]
[Result "0-1"]
[WhiteElo "1775"]
[BlackElo "1993"]
[PlyCount "78"]
[EventDate "2021.03.06"]
[EventType "team-swiss"]
[EventRounds "7"]
[EventCountry "ESP"]
[SourceTitle "EXT 2023"]
[Source "ChessBase"]
[SourceDate "2022.10.05"]
[SourceVersion "1"]
[SourceVersionDate "2022.10.05"]
[SourceQuality "1"]
[WhiteTeam "Mestral Palmanyola"]
[BlackTeam "Mallorca Isolani"]
[WhiteTeamCountry "ESP"]
[BlackTeamCountry "ESP"]

1. d4 Nf6 2. c4 g6 3. Nc3 Bg7 4. e4 d6 5. Nge2 Na6 6. Ng3 c5 7. d5 h5 8. h4 Qa5 9. Bd2 Ng4 10. Nb5 Qd8 11. Bc3 Bxc3+ 12. Nxc3 Qb6 13. Qd2 Bd7 14. Be2 0-0-0 15. a4 Qa5 16. 0-0 f6 17. f4 Rdg8 18. f5 g5 19. Nxh5 Rxh5 20. Bxg4 Rxh4 21. Qe2 Rgh8 22. Ra3 Nb4 23. Nb5 a6 24. Nc3 Be8 25. Nd1 Rh1+ 26. Kf2 Rxf1+ 27. Kxf1 Rh1+ 28. Kf2 Nc2 29. Qxc2 Qe1+ 30. Kf3 Qxd1+ 31. Qxd1 Rxd1 32. b3 Rd2 33. Kg3 Kc7 34. Bh3 Kb8 35. Kf3 b5 36. Ke3 Rb2 37. axb5 axb5 38. cxb5 Bxb5 39. g4 Rh2 0-1

[Event "Mallorca-chT Preferente"]
[Site "Palma de Mallorca"]
[Date "2020.03.07"]
[Round "6.6"]
[White "Torrens Gordiola, Juan Antonio"]
[Black "Ferenczi, Robert Frank"]
[Result "0-1"]
[WhiteElo "1773"]
[BlackElo "1740"]
[PlyCount "64"]
[EventDate "2020.02.01"]
[EventType "team-tourn"]
[EventRounds "9"]
[EventCountry "ESP"]
[SourceTitle "CBM 195 Extra"]
[Source "ChessBase"]
[SourceDate "2020.05.31"]
[SourceVersion "1"]
[SourceVersionDate "2020.05.31"]
[SourceQuality "1"]
[WhiteTeam "Mestral Palmanyola"]
[BlackTeam "Alcudia"]
[WhiteTeamCountry "ESP"]
[BlackTeamCountry "ESP"]

1. d4 e6 2. c4 f5 3. Nc3 Nf6 4. Nf3 Bb4 5. Bd2 0-0 6. e3 b6 7. Bd3 Bb7 8. Qb3 a5 9. a3 Bxc3 10. Bxc3 a4 11. Qc2 Ne4 12. 0-0 d6 13. Rad1 Nxc3 14. Qxc3 Bxf3 15. gxf3 Qh4 16. Kg2 Rf6 17. Rh1 Qh5 18. Rdg1 Rg6+ 19. Kf1 Rxg1+ 20. Rxg1 Qxh2 21. d5 Qh3+ 22. Ke2 e5 23. Rg5 Qh6 24. Rxf5 Nd7 25. Qe1 g6 26. Qg1 Qg7 27. Rg5 e4 28. Bxe4 Qxb2+ 29. Kf1 Qc1+ 30. Kg2 Qxg1+ 31. Kxg1 Ne5 32. Bc2 Nxf3+ 0-1

[Event "Mallorca-chT Preferente"]
[Site "Palma de Mallorca"]
[Date "2020.02.22"]
[Round "4.5"]
[White "Vicens Company, Maria Antonia"]
[Black "Torrens Gordiola, Juan Antonio"]
[Result "1-0"]
[WhiteElo "1855"]
[BlackElo "1773"]
[PlyCount "101"]
[EventDate "2020.02.01"]
[EventType "team-tourn"]
[EventRounds "9"]
[EventCountry "ESP"]
[SourceTitle "CBM 195 Extra"]
[Source "ChessBase"]
[SourceDate "2020.05.31"]
[SourceVersion "1"]
[SourceVersionDate "2020.05.31"]
[SourceQuality "1"]
[WhiteTeam "Tropic"]
[BlackTeam "Mestral Palmanyola"]
[WhiteTeamCountry "ESP"]
[BlackTeamCountry "ESP"]

1. d4 Nf6 2. Nf3 e6 3. Bf4 d5 4. e3 Nbd7 5. Nbd2 c6 6. c3 Be7 7. Bd3 Nh5 8. Bg3 Nxg3 9. hxg3 Qc7 10. Qc2 h6 11. g4 e5 12. dxe5 Nxe5 13. Nxe5 Qxe5 14. Nf3 Qd6 15. g5 Bg4 16. g6 0-0-0 17. Nd4 fxg6 18. Bxg6 Rhf8 19. Bf5+ Bxf5 20. Nxf5 Qf6 21. Nd4 Rde8 22. Rh3 Kb8 23. Rf3 Qh4 24. 0-0-0 Rxf3 25. Nxf3 Qg4 26. Ne1 Bc5 27. Rd2 Qh4 28. Qg6 Re7 29. Nf3 Qe4 30. Qxe4 Rxe4 31. Rd1 Kc7 32. Rh1 Kd7 33. Kd2 Ke7 34. Kd3 Rg4 35. g3 Rg6 36. Rh4 Rf6 37. Ke2 Bd6 38. c4 dxc4 39. Rxc4 Ke6 40. Re4+ Kf5 41. Re8 Kg4 42. Ne5+ Kh3 43. Nd3 Rf7 44. Re6 Bc7 45. Re4 Bd8 46. Kf1 h5 47. Nf4+ Kg4 48. Ne6+ Kf5 49. Nxd8 Rd7 50. Rd4 Re7 51. Ke2 1-0

[Event "Mallorca-chC"]
[Site "Palma de Mallorca"]
[Date "2011.12.10"]
[Round "7"]
[White "Torrens Gordiola, Juan Antonio"]
[Black "Torres Mari, Juan"]
[Result "1-0"]
[WhiteElo "1835"]
[BlackElo "1747"]
[PlyCount "47"]
[EventDate "2011.10.29"]
[EventType "swiss"]
[EventRounds "8"]
[EventCountry "ESP"]
[SourceTitle "EXT 2017"]
[Source "ChessBase"]
[SourceDate "2016.10.25"]
[SourceVersion "1"]
[SourceVersionDate "2016.10.25"]
[SourceQuality "1"]

1. d4 d5 2. c4 e6 3. Nc3 c6 4. cxd5 exd5 5. Qc2 Nf6 6. Bg5 Bg4 7. e3 Nbd7 8. Bd3 Bd6 9. f3 Bh5 10. e4 dxe4 11. fxe4 Be7 12. h3 0-0 13. Nge2 c5 14. e5 Ne8 15. Bxe7 Qxe7 16. Nd5 Qg5 17. 0-0 Bxe2 18. Qxe2 cxd4 19. Rf5 Qd8 20. Raf1 Nc5 21. e6 Nxe6 22. Qxe6 Nd6 23. Ne7+ Kh8 24. Rh5 1-0

[Event "Mallorca-chC"]
[Site "Palma de Mallorca"]
[Date "2011.11.26"]
[Round "6"]
[White "Ponce Cano, Adrian"]
[Black "Torrens Gordiola, Juan Antonio"]
[Result "1-0"]
[WhiteElo "1767"]
[BlackElo "1835"]
[PlyCount "97"]
[EventDate "2011.10.29"]
[EventType "swiss"]
[EventRounds "8"]
[EventCountry "ESP"]
[SourceTitle "EXT 2017"]
[Source "ChessBase"]
[SourceDate "2016.10.25"]
[SourceVersion "1"]
[SourceVersionDate "2016.10.25"]
[SourceQuality "1"]

1. e4 c6 2. d4 d5 3. Nc3 dxe4 4. Nxe4 Bf5 5. Ng3 Bg6 6. Nf3 Nd7 7. h4 h6 8. h5 Bh7 9. Bd3 Bxd3 10. Qxd3 Ngf6 11. Bd2 e6 12. a3 Bd6 13. Ne2 Qc7 14. g3 0-0-0 15. c4 e5 16. Nh4 exd4 17. Nxd4 Rhe8+ 18. Kf1 Ne4 19. Nhf5 Ndc5 20. Qc2 Nxd2+ 21. Qxd2 Be5 22. Rd1 Nb3 23. Qe2 Nxd4 24. Nxd4 Rxd4 25. Rxd4 Re6 26. Re4 c5 27. f4 Qc6 28. Rh2 Bd4 29. Rxe6 Qxe6 30. Qxe6+ fxe6 31. Re2 Kd7 32. Kg2 Kd6 33. Kf3 a5 34. Ke4 b6 35. b3 Bf6 36. Rd2+ Kc6 37. a4 Kc7 38. f5 exf5+ 39. Kxf5 Kc6 40. Ke6 Bd4 41. Rd1 Kc7 42. Rf1 Kc6 43. g4 Kc7 44. Rf7+ Kc6 45. Kf5 Kd6 46. Kg6 Ke6 47. Rb7 Ke5 48. Rxg7 Kf4 49. Kxh6 1-0